<?xml version="1.0" encoding="UTF-8"?>
<record
    xmlns:xsi="http://www.w3.org/2001/XMLSchema-instance"
    xsi:schemaLocation="http://www.loc.gov/MARC21/slim http://www.loc.gov/standards/marcxml/schema/MARC21slim.xsd"
    xmlns="http://www.loc.gov/MARC21/slim">

  <leader>01597nam a2200265 i 4500</leader>
  <controlfield tag="001">189932</controlfield>
  <controlfield tag="003">ES-MaACL</controlfield>
  <controlfield tag="005">20250508130110.0</controlfield>
  <controlfield tag="007">t|</controlfield>
  <controlfield tag="008">200127s1920    sp      s    |||| | spa d</controlfield>
  <datafield tag="080" ind1=" " ind2=" ">
    <subfield code="a">061.21(460.27) Ateneo (058.7)"1920"</subfield>
  </datafield>
  <datafield tag="110" ind1="2" ind2=" ">
    <subfield code="a">Ateneo de Madrid.</subfield>
    <subfield code="9">1875</subfield>
  </datafield>
  <datafield tag="245" ind1="1" ind2="0">
    <subfield code="a">Lista de se&#xF1;ores socios, abril 1920 [</subfield>
    <subfield code="h">Recurso electr&#xF3;nico] / </subfield>
    <subfield code="c">Ateneo Cient&#xED;fico, Literario y Art&#xED;stico de Madrid.</subfield>
  </datafield>
  <datafield tag="246" ind1="3" ind2=" ">
    <subfield code="a">Junta de Gobierno . </subfield>
    <subfield code="b">Secciones [</subfield>
    <subfield code="h">Fotocopias]</subfield>
  </datafield>
  <datafield tag="260" ind1=" " ind2=" ">
    <subfield code="a">Madrid : </subfield>
    <subfield code="b">[s.n.], </subfield>
    <subfield code="c">1920 (</subfield>
    <subfield code="f">Gr&#xE1;f. Ambos Mundos)</subfield>
  </datafield>
  <datafield tag="300" ind1=" " ind2=" ">
    <subfield code="a">[136 p. ; </subfield>
    <subfield code="c">12 cm]</subfield>
  </datafield>
  <datafield tag="505" ind1="8" ind2=" ">
    <subfield code="a">Contiene: Lista de los se&#xF1;ores presidentes que ha tenido desde su fundaci&#xF3;n el Ateneo de Madrid - Junta de Gobierno - Secciones - Lista de se&#xF1;ores socios por orden alfab&#xE9;tico: Socios de m&#xE9;rito; Socios honorarios; Socios de n&#xFA;mero - Relaci&#xF3;n del n&#xFA;mero de socios que han ingresado en el Ateneo desde su fundaci&#xF3;n, por orden correlativo de antig&#xFC;edad - Revistas que se reciben en la Biblioteca del Ateneo en 1&#xBA; de abril de 1920 - Cat&#xE1;logo de los retratos existentes en el Ateneo de Madrid</subfield>
  </datafield>
  <datafield tag="505" ind1="8" ind2=" ">
    <subfield code="a">Contiene: Junta de Gobierno . Secciones [10 h. fotocopiadas]</subfield>
  </datafield>
  <datafield tag="610" ind1="2" ind2="4">
    <subfield code="a">Ateneo de Madrid-</subfield>
    <subfield code="v">Listas de socios.</subfield>
    <subfield code="9">1928</subfield>
  </datafield>
  <datafield tag="610" ind1="2" ind2="4">
    <subfield code="a">Ateneo de Madrid-</subfield>
    <subfield code="v">Obras digitalizadas.</subfield>
    <subfield code="9">1930</subfield>
  </datafield>
  <datafield tag="852" ind1="4" ind2=" ">
    <subfield code="a">ES-MaACL</subfield>
    <subfield code="j">2343-F-28     </subfield>
    <subfield code="z">Revisado enlace: 7 de mayo de 2025</subfield>
    <subfield code="c">DEPOF</subfield>
    <subfield code="q">(Junta de Gobierno . Secciones; 10 h. fotocopiadas)</subfield>
  </datafield>
  <datafield tag="856" ind1="4" ind2=" ">
    <subfield code="u">https://www.ateneodemadrid.com/old/biblioteca_digital/folletos/Socios-1920.pdf</subfield>
    <subfield code="y">Ver documento</subfield>
  </datafield>
  <datafield tag="942" ind1=" " ind2=" ">
    <subfield code="2">udc</subfield>
  </datafield>
  <datafield tag="999" ind1=" " ind2=" ">
    <subfield code="c">189932</subfield>
    <subfield code="d">189932</subfield>
  </datafield>
  <datafield tag="952" ind1=" " ind2=" ">
    <subfield code="0">0</subfield>
    <subfield code="1">0</subfield>
    <subfield code="2">udc</subfield>
    <subfield code="4">0</subfield>
    <subfield code="7">0</subfield>
    <subfield code="8">Bdigital</subfield>
    <subfield code="a">ATENEOM</subfield>
    <subfield code="b">ATENEOM</subfield>
    <subfield code="c">DEPOF</subfield>
    <subfield code="d">2022-05-11</subfield>
    <subfield code="l">0</subfield>
    <subfield code="o">2343-F-28</subfield>
    <subfield code="p">1202943</subfield>
    <subfield code="r">2023-02-23 00:00:00</subfield>
    <subfield code="w">2023-02-23</subfield>
    <subfield code="y">FOLLETOS</subfield>
  </datafield>
  <datafield tag="952" ind1=" " ind2=" ">
    <subfield code="0">0</subfield>
    <subfield code="1">0</subfield>
    <subfield code="4">0</subfield>
    <subfield code="7">0</subfield>
    <subfield code="8">Colecci&#xF3;n_digital</subfield>
    <subfield code="a">ATENEOM</subfield>
    <subfield code="b">ATENEOM</subfield>
    <subfield code="c">DEPO</subfield>
    <subfield code="d">2005-04-16</subfield>
    <subfield code="e">DON</subfield>
    <subfield code="l">0</subfield>
    <subfield code="o">Recurso electr&#xFFFD;nico</subfield>
    <subfield code="p">1201486</subfield>
    <subfield code="r">2023-02-23 00:00:00</subfield>
    <subfield code="w">2023-02-23</subfield>
    <subfield code="y">CDROM</subfield>
  </datafield>
</record>
